000
00298nam a2200121Ia 4500
008
220204s9999 xx 000 0 und d
082
_a
681.31
_b
KUO
100
_a
Kuo, Franklin F
245
0
_a
Network analysis and synthesis
250
_a
Ed.2
260
_a
New York
_b
John Wiley
_c
1962
942
_c
BK
999
_c
39888
_d
39888